The handmaid's tales in Gileadverse : dynamics of a transmedia storyworld /

Bibliographic Details
Main Author: Machala, Katarzyna (Author)
Corporate Author: E.J. Brill (Firm)
Format: eBook
Language:German
Published: Paderborn : BRILL, [2024]
Subjects:
Online Access:Connect to the full text of this electronic book

MARC

Tag First Indicator Second Indicator Subfields
LEADER 00000nam a22000007i 4500
001 in00005611321
003 OCoLC
006 m o d
007 cr |||||||||||
008 240611s2024 gw ob 000 0 ger d
005 20250816191911.3
020 |a 9783846768884  |q electronic book 
020 |a 384676888X  |q electronic book 
020 |z 9783770568888 
024 8 |a 90100698339 
035 |a (OCoLC)1439002982 
040 |a OCLKB  |b eng  |e pn  |c OCLKB  |d EBLCP  |d OCLCQ  |d EMU  |d OCLCQ  |d YDX 
050 4 |a PR9199.3.A8  |b M33 2024 
082 0 4 |a 811.54  |2 23 
100 1 |a Machala, Katarzyna,  |e author. 
245 1 4 |a The handmaid's tales in Gileadverse :  |b dynamics of a transmedia storyworld /  |c Katarzyna Machala. 
246 3 3 |a Dynamics of a transmedia storyworld 
264 1 |a Paderborn :  |b BRILL,  |c [2024] 
300 |a 1 online resource. 
336 |a text  |b txt  |2 rdacontent 
337 |a computer  |b c  |2 rdamedia 
338 |a online resource  |b cr  |2 rdacarrier 
504 |a Includes bibliographical references and index. 
588 |a Description based upon online resource; title from PDF title page (viewed August 22nd, 2024). 
600 1 0 |a Atwood, Margaret,  |d 1939-  |t Handmaid's tale. 
600 1 0 |a Atwood, Margaret,  |d 1939-  |x Settings. 
655 7 |a Electronic books.  |2 local 
710 2 |a E.J. Brill (Firm) 
856 4 0 |u http://proxy.library.tamu.edu/login?url=https://brill.com/abstract/title/70061  |z Connect to the full text of this electronic book  |t 0 
945 |a machinegen  |b 265398 
955 |a YBP purchased firm e-records 
980 |b usergen  |c 90100698339  |g 565754  |k USD  |m 144.00  |q 1  |s AcqMono Conventional  |t Purchase at vendor system  |u Vendor order reference number  |v ZYBP  |y Staff - electronic  |z Electronic resource 
999 f f |i d01152af-7cb8-453b-a79a-8d7456dfa621  |s 93c0b312-98ff-415a-85c1-dfccaf64287d  |t 0 
952 f f |a Texas A&M University  |b College Station  |c Electronic Resources  |d Available Online  |t 0  |e PR9199.3.A8 M33 2024  |h Library of Congress classification 
998 f f |a PR9199.3.A8 M33 2024  |t 0  |l Available Online